All Incorporated Municipalities of Mercer County, Pennsylvania - Statistics

General Stats
  • This quiz has been taken 10 times
  • The average score is 17 of 47
Answer Stats
Answer % Correct
Mercer
100%
Farrell
67%
Grove City
67%
Hermitage
67%
Jamestown
67%
Jefferson
67%
Pymatuning
67%
Sandy Lake
67%
Sandy Lake
67%
Sharon
67%
Shenango
67%
South Pymatuning
67%
Sugar Grove
67%
West Middlesex
67%
Clark
33%
Delaware
33%
East Lackawannock
33%
Fairview
33%
French Creek
33%
Greene
33%
Greenville
33%
Jackson
33%
Lackawannock
33%
Liberty
33%
Mill Creek
33%
Otter Creek
33%
Pine
33%
Sandy Creek
33%
Sharpsville
33%
Sheakleyville
33%
Springfield
33%
West Salem
33%
Wilmington
33%
Wolf Creek
33%
Worth
33%
Coolspring
0%
Deer Creek
0%
Findley
0%
Fredonia
0%
Hempfield
0%
Jackson Center
0%
Lake
0%
New Lebanon
0%
New Vernon
0%
Perry
0%
Salem
0%
Stoneboro
0%
No matching quizzes found
Score Distribution
Percent of People with Each Score
Percentile by Number Answered
Your Score History
You have not taken this quiz